000 00856nam a2200181Ia 4500
999 _c37886
_d37886
003 Ge_BSU
005 20190814170707.0
008 181216s1980||||ge |||||||||||||| ||geo||
041 _ageo
080 _a1(479.22) მ–16
100 _aნადიბაიძე, ფიდო
_93602
245 _aფილოსოფიური აზრის ძირითადი მიმდინარეობა XX საუკუნის საქართველოში 1900-1921 /
_cსაქ. მეცნ.აკად.ფილოსოფიის ინ-ტი.
264 _a თბ. :
_bმეცნიერება,
_c1980.
300 _a224გვ. ;
_b21სმ.
653 _aქართული ფილოსოფიის ისტორია
710 _aფილოსოფიის ინ-ტი.
_93603
942 _cBK
_2udc